[Event "Gibraltar Masters 9th"]
[Site "Caleta"]
[Date "2011.01.30"]
[Round "6"]
[White "Akobian, Varuzhan"]
[Black "Mikhalevski, Victor"]
[Result "0-1"]
[WhiteElo "2618"]
[BlackElo "2579"]
[Annotator "Mikhalevski,V"]
[PlyCount "68"]
[EventDate "2011.01.25"]
[EventType "swiss"]
[EventRounds "10"]
[EventCountry "GGB"]
[SourceTitle "CBM 141"]
[Source "ChessBase"]
[SourceDate "2011.03.17"]
[SourceVersion "1"]
[SourceVersionDate "2011.03.17"]
[SourceQuality "1"]

{[%mdl 1]} 1. d4 Nf6 2. c4 g6 3. f3 {This move came as a surprise as Varuzhan
usually goes for the main lines of the Gruenfeld.} c5 {I've never played this
move before, so it should have come as a surprise for my opponent as well.} 4.
d5 Bg7 5. e4 d6 6. Nc3 O-O 7. Bg5 h6 8. Be3 e6 9. Qd2 exd5 10. cxd5 {A
transposition which is typical of modern chess has just taken place: from the
King's Indian to the Benoni.} Re8 11. Nge2 Nbd7 12. Ng3 {This line looks
better with the queen on d1.} ({I think} 12. Nc1 {makes more sense here in
this particular position.} a6 13. a4 Nh5 14. Nd3 (14. g4 {0-1 Hochstrasser,M 
(2363)-Volokitin,A (2645)/Fuegen 2006/CBM 115/[Reeh] (32)}) 14... f5 15. Nf2 g5
16. exf5 Ne5 17. Be2 Bxf5 18. O-O Bg6 19. Rae1 $11 {with approximate equality
in Sasikiran,K (2688)-Al Modiahki,M (2562)/Guangzhou 2010.}) 12... h5 {[%cal
Gh5h4]} 13. Be2 a6 {[%cal Gb7b5] Before playing h4 I decided to include a6 and
a4.} (13... h4 $5 {deserved serious attention as the d2-square is occupied and
so the knight won't feel great on f1.} 14. Nf1 a6 15. Qc2 b5 16. a4 b4 17. Nd1
Nh5 $1 $15 {0-1 Sadler,M (2385)-Gelfand,B (2505)/Oakham 1988/TD (64)}) 14. O-O
{White frees the h1-square for the the g3-knight, but makes b5 possible.} ({
After} 14. a4 {I would play} h4 {[%csl Rg3]}) 14... b5 {This is already a very
uncommon position.} 15. Bh6 (15. Rac1 Nh7 16. Nd1 h4 17. Nh1 f5 18. Nhf2 Qf6
19. b4 c4 $13 {1/2-1/2 Hoelzl,F (2415)-Gallagher,J (2545)/Pula 1997/CBM 057
ext (68)}) 15... h4 $5 {Inviting the knight to f5.} 16. Nh1 ({After} 16. Nf5 {
I prepared} gxf5 (16... Bxh6 $5 17. Nxh6+ Kg7 {is also possible.}) 17. Qg5 Nh5
$1 18. Qxh5 Bxh6 19. Qxh6 Qf6 $1 20. Qf4 Ne5 $1 {[%cal Ge5g6] with a slight
edge for Black.}) 16... Nh5 {[%csl Rf4] After an exchange of the dark-squared
bishops the f4-square is where the h5-knight will be happy to reach.} (16... h3
$5) ({I wasn't sure if I needed the complications after} 16... Bxh6 17. Qxh6 b4
18. Nd1 Nxd5 19. Bc4 $44 {[%csl Rg6]}) 17. Bxg7 (17. a3 $5 {Preventing b4
makes sense, but the initiative remains in Black's hands.} Rb8 $5 $15) ({After
} 17. Nf2 Bxh6 18. Qxh6 Qf6 $15 {[%csl Rf4][%cal Gf6f4,Gh5f4] Black would
occupy the f4-square.}) 17... Kxg7 18. a4 $1 {[%csl Rc4] White needs something
to play for and so he forces weakening of the c4-square.} b4 19. Nd1 f5 $5 {
During the game I was confident that this should be the move, although now it
seems that I had a better alternative. Anyway opening up the position when
White's pieces are misplaced looked rather logical.} ({Probably} 19... Qf6 $5 {
[%cal Gh5f4] is objectively better.}) 20. exf5 $6 {An inaccuracy. White should
have tried to keep the e-file closed.} (20. Nhf2 $11 {was safer with an
approximately equal position.}) 20... Nb6 $5 {This might be objectively not
the best, but it leads to a spectacular attack with a draw in hand. I was also
looking for other knight moves, but soon I realised that b6 is the best square
for it as from there it can go to d5 and doesn't prevent other pieces from
doing their jobs.} (20... Qf6 $5 $15 {seems to keep a slight edge.}) ({as well
as the immediate} 20... gxf5 $5 $15) 21. fxg6 {White accepts the challenge.} ({
In the event of} 21. Nhf2 gxf5 ({or} 21... Bxf5 $5 {and in both cases Black is
fine.})) 21... Rxe2 $3 {The point of the previous move.} 22. Qxe2 Nf4 {[%cal
Gd8g5] White is an exchange and a few pawns up, but it's not easy to find a
good defence.} 23. Qe4 $2 {This natural move turns out to be a decisive
mistake as White loses a crucial tempo.} ({Surprisingly only} 23. Qc2 $1 {
seems to keep the balance.} Qg5 {[%cal Gf4h3]} 24. g4 $1 {The only saving move.
} (24. g3 $2 {loses to} Bf5 $1 25. Qb3 Nh3+ 26. Kg2 Nxd5 $1 $19 {[%cal Gd5f4]
That's where the Nb6-move turns out to be useful.}) 24... Nh3+ $1 {
Unfortunately Black has to repeat the moves here.} (24... Bxg4 $2 {doesn't
work.} 25. fxg4 Qxg4+ 26. Ng3 hxg3 27. Ne3 $1 gxh2+ $140 28. Kh1 $1 $18) ({
although} 24... Bd7 $5 25. Nhf2 Nbxd5 $44 {leads to some compensation for an
exchange.}) 25. Kg2 Nf4+ 26. Kg1) 23... Qg5 24. g4 $1 {The best defence.} (24.
g3 $2 {is bad in view of} Nbxd5 $1 $19 {[%cal Gc8f5,Gf4h3,Gd5f4] Once again
the knight is handy on b6.}) 24... Nh3+ $138 {Being in time trouble I decided
to repeat the position once.} (24... Nbxd5 {runs into} 25. Nhf2 $1 ({But not} 
25. Ndf2 $2 Bf5 $3 $19 {with the idea} 26. Qxf5 Ne2+ 27. Kg2 Qxf5 28. gxf5
Ndf4# {A brilliant mating construction.})) 25. Kg2 Nf4+ 26. Kg1 Bd7 $1 $19 {
[%cal Ga8e8] Black's pieces enter the game with devastating effect.} 27. Ne3 {
Setting a trap.} ({Other moves don't save White either:} 27. Nhf2 Re8 28. Qb1 (
28. Qc2 Re2 $19) 28... Qxd5 29. Ne4 Bxg4 $19) (27. Ng3 hxg3 28. hxg3 Nh3+ $1 {
The most precise.} 29. Kg2 Nxd5 $1 {Again this knight!} 30. f4 (30. Kxh3 Qd2 $3
31. Nf2 (31. Rf2 Rh8+ 32. Kg2 Qh6 $3 33. Kf1 Re8 $1 $19 {[%csl Rf1][%cal Gh6h1]
}) 31... Re8 32. Qb1 (32. Rad1 Qh6+ $19) 32... Qh6+ 33. Kg2 Ne3+ 34. Kg1 Rh8
35. Nh3 Qxh3 36. Kf2 Nxg4+ $1 37. fxg4 Qh2+ 38. Ke3 Re8+ $19 {and White gets
mated.}) 30... Ndxf4+ 31. Rxf4 Nxf4+ 32. Qxf4 Qxg6 $19) 27... Re8 $1 28. Nf5+
Kg8 $1 ({It's easy to fall into a trap.} 28... Kf6 $4 29. Nf2 $3 $18 {and
suddenly it's White who is winning.} (29. Nxd6 {leads only to a draw after}
Nh3+ 30. Kg2 Nf4+ $11)) 29. Qb1 ({After} 29. Nf2 Re5 $3 {The most precise,} ({
although the simple} 29... Rxe4 $5 30. Nxe4 Qd8 $19 {is also enough for a win.}
)) 29... Nh3+ 30. Kg2 Nf4+ {Winning some thinking time again.} 31. Kg1 Nh3+ ({
The computer's} 31... Ne2+ $5 32. Kg2 (32. Kf2 Bxf5 33. Qxf5 Qe3+ 34. Kg2 Nf4+)
32... h3+ $1 33. Kxh3 Nxd5 {[%cal Gd5f4]} 34. Qa2 (34. Kg2 Ndf4+ 35. Kf2 Bxf5
36. Qxf5 Qh4+ 37. Ng3 Qxh2+ $19) 34... Be6 $19 {is also convincing.}) 32. Kg2
Nxd5 $1 {[%csl Rg2][%cal Gd5f4]} 33. Nf2 ({or} 33. Re1 Qd2+ $1 34. Kf1 (34.
Kxh3 Rxe1 $1 35. Qxe1 (35. Qa2 Re2 $1 $19) 35... Nf4+ 36. Kxh4 Ng2+ $19 {
[%csl Re1]}) 34... Qxh2 $1 35. Rxe8+ Bxe8 36. Qe4 Qxh1+ 37. Ke2 Nhf4+ 38. Kd2
Qg2+ 39. Kd1 Bxg6 $19 {and Black wins.}) 33... Re2 $1 {White is pinned all
over.} 34. Nxd6 Bxg4 $1 {The last piece has entered the attack. White resigned
as he can't stop a forced mate. The game received the prize "The best game" in
the 2011 Tradewise Gibraltar Chess Festival.} 0-1

[Event "Politiken Cup 21st"]
[Site "Copenhagen"]
[Date "1999.07.14"]
[Round "11"]
[White "Ward, Christopher"]
[Black "Mortensen, Erling"]
[Result "1/2-1/2"]
[WhiteElo "2473"]
[BlackElo "2445"]
[Annotator "Mortensen,E"]
[PlyCount "78"]
[EventDate "1999.07.04"]
[EventType "swiss"]
[EventRounds "11"]
[EventCountry "DEN"]
[SourceTitle "CBM 071 Extra"]
[Source "ChessBase"]
[SourceDate "1999.09.14"]
[SourceVersion "1"]
[SourceVersionDate "1999.09.14"]
[SourceQuality "1"]

1. d4 Nf6 2. c4 g6 3. Nc3 Bg7 4. e4 d6 5. f3 O-O 6. Nge2 c5 7. d5 e6 8. Ng3
exd5 9. cxd5 Nh5 {In return for the double pawns black gets a lot of open
lines and diagonals. Black has to make a choice: to play a7-a6 or not.} (9...
a6 10. a4 Nh5 11. Nxh5 gxh5 12. Bd3 f5 13. exf5 (13. O-O $1 f4 14. Ne2 Be5 15.
g3 {looks good for white. The black peaces on the queenside are sleeping.})
13... Bxf5 14. O-O Nd7 15. a5 Qf6 {Black has no problems.} 16. Ra4 Qg6 17. Bxf5
Rxf5 18. Re4 Raf8 19. Re6 Bd4+ 20. Kh1 R8f6 21. Rfe1 Ne5 22. Ne2 Rxe6 23. dxe6
Qxe6 24. Nxd4 cxd4 25. f4 Nd3 26. Rxe6 Nf2+ 27. Kg1 Nxd1 28. Rxd6 Rc5 29. Bd2
Nxb2 30. Rxd4 Rc2 31. f5 Nc4 32. Bg5 b5 33. axb6 Nxb6 34. Rd8+ {Ward,
Chris-Jensen,Simon Bekker/Politiken Cup Copenhagen (8) 1998/1/2-1/2 (59)}) 10.
Nxh5 gxh5 11. Bd3 f5 12. exf5 (12. O-O Na6 {This is the reason why it is
probably better to leave a7-a6 out. As mentioned above f5-f4 is probably not
good in this moment, but black develops a piece and waits for white to take on
f5. If white does not want this and at the same time is decided to prevent
f5-f4 he risks a lot:} 13. Bf4 $5 fxe4 14. fxe4 c4 15. Bxc4 Qb6+ 16. Kh1 Qxb2
17. Bxd6 Bg4 18. Qb3 Bxc3 19. Qxb2 Bxb2 20. Rae1 Rxf1+ 21. Bxf1 Bd4 22. h3 {
1/2-1/2 Dreev,Alexey - Shchekachev,An RUS-ch51 St. Petersburg 1998. It seems
that white offered a draw in the right moment!}) 12... Bxf5 13. O-O {The pawn
on d5 could become very weak after} (13. Bxf5 Rxf5 14. O-O Na6 {followed by
Nc7.}) 13... Na6 (13... Bxd3 $5 14. Qxd3 Nd7 {also looks OK.}) 14. Bxa6 {
A surprise, as the black bishops clearly will be very strong. But a good plan
for white was not visible, while black has plenty of useful moves like Nc7,
Kh8 etc.} bxa6 15. Be3 Rb8 {Maybe there are better moves here. 15. -, Re8 
(Ward) is a bit annoying for white, and also 15. -, Dh4 was interesting.} 16.
Qd2 Qf6 17. Rac1 Qg6 18. b3 h4 $5 19. Ne2 (19. Kh1 h3 20. g4 Bxg4 $1 21. fxg4
Bxc3 22. Rxf8+ Rxf8 $19) 19... Bd3 20. Nf4 Rxf4 21. Bxf4 Bxf1 22. Kxf1 (22.
Rxf1 c4 $1 {followed by c4-c3 gives black good winning chances.}) 22... h3 23.
g3 (23. Rxc5 $2 hxg2+ 24. Qxg2 Qd3+ 25. Qe2 Qxe2+ 26. Kxe2 Re8+ $19) 23... Rf8
24. Re1 Be5 25. Bxe5 Rxf3+ 26. Kg1 (26. Ke2 $2 Qg4 27. Bxd6 Rxg3+ 28. Kf1 Rg1+
29. Kf2 Rg2+ $19) 26... dxe5 27. Rxe5 Rxg3+ 28. hxg3 Qxg3+ 29. Kh1 Qxe5 $11 30.
d6 Qe4+ 31. Kh2 Qe5+ 32. Kh1 Qe4+ 33. Kh2 Qe5+ 34. Kxh3 Qf5+ 35. Kg3 Qe5+ 36.
Kf3 Qf5+ 37. Kg3 (37. Ke2 $4 Qh5+ $19) 37... Qe5+ 38. Kf3 Qf5+ 39. Kg3 Qe5+
1/2-1/2

[Event "EU-ch 6th"]
[Site "Warsaw"]
[Date "2005.06.27"]
[Round "9"]
[White "Zaja, Ivan"]
[Black "Guseinov, Elmir"]
[Result "1/2-1/2"]
[WhiteElo "2489"]
[BlackElo "2391"]
[Annotator "Mueller,Karsten"]
[PlyCount "97"]
[EventDate "2005.06.18"]
[EventType "swiss"]
[EventRounds "13"]
[EventCountry "POL"]
[SourceTitle "CBM 108"]
[Source "ChessBase"]
[SourceDate "2005.09.26"]
[SourceVersion "1"]
[SourceVersionDate "2005.09.26"]
[SourceQuality "1"]

1. d4 Nf6 2. c4 g6 3. Nc3 Bg7 4. e4 d6 5. f3 O-O 6. Nge2 c5 7. d5 e6 8. Ng3
exd5 9. cxd5 a6 10. a4 Re8 11. Be2 h5 12. O-O Nh7 13. Bd3 Nd7 14. f4 c4 15.
Bxc4 Qb6+ 16. Kh1 h4 17. Nge2 Nhf6 18. a5 Qc7 19. Bd3 Nc5 20. f5 Nfxe4 21. Nxe4
Nxe4 22. fxg6 fxg6 23. Nf4 Qc5 24. Bxe4 Rxe4 25. Bd2 Bf5 26. Qb3 h3 27. Rac1
hxg2+ 28. Nxg2 Qb5 29. Qxb5 axb5 30. Ne3 Rd4 31. Nxf5 gxf5 32. Rg1 $2 {Wickelt
direkt ins Remis ab.} ({Mit} 32. Bc3 {konnte Weiß noch gut um Vorteil kämpfen:}
Rg4 33. h3 Rh4 (33... Rc4 34. Rg1 Rc7 35. Rce1 $16) 34. Rxf5 Rxh3+ 35. Kg2 $16)
32... Rxd2 33. Rc7 Rxa5 34. Rgxg7+ Kf8 35. Rcf7+ Ke8 36. Re7+ Kf8 37. Ref7+ $6
(37. Rgf7+ $11) 37... Ke8 38. Rxb7 $6 Ra1+ 39. Rg1 Rxg1+ 40. Kxg1 Rxb2 41. h4
Rb4 42. h5 Rh4 43. Rxb5 Rxh5 44. Rb7 {Der aktive Turm sichert das
Unentschieden:} Rh3 45. Kf2 Rd3 46. Ke2 Rxd5 47. Ke3 Re5+ 48. Kf4 Re7 49. Rxe7+
(49. Rxe7+ Kxe7 50. Kxf5 Kd7 51. Ke4 Kc6 52. Kd4 $11) 1/2-1/2

[Event "RUS-Cup3"]
[Site "Omsk"]
[Date "1996.??.??"]
[Round "5"]
[White "Temirbayev, Serikbay"]
[Black "Iskusnyh, Sergei"]
[Result "1/2-1/2"]
[WhiteElo "2480"]
[BlackElo "2460"]
[Annotator "Notkin,M"]
[PlyCount "85"]
[EventDate "1996.12.13"]
[EventType "swiss"]
[EventRounds "9"]
[EventCountry "RUS"]
[SourceTitle "CBM 057"]
[Source "ChessBase"]
[SourceDate "1997.04.01"]
[SourceVersion "1"]
[SourceVersionDate "1997.04.01"]
[SourceQuality "1"]

1. d4 Nf6 2. c4 g6 3. Nc3 Bg7 4. e4 d6 5. f3 O-O 6. Bg5 c5 7. d5 e6 8. Qd2 exd5
9. cxd5 h6 10. Be3 a6 11. a4 Re8 12. Nge2 Nbd7 13. Nc1 Ne5 14. Be2 Kh7 (14...
Nh5 15. Bxh6 $6 Qh4+ 16. Kd1 Ng3 $1 (16... Bxh6 $2 17. Qxh6 Qf2 18. g4 Nf6 19.
Rf1 Qd4+ 20. Kc2 $18 {Dreev,A-Lobron,E/Nussloch/1996/}) 17. Qe1 Qxh6 18. hxg3
Qe3 19. Qg1 Qd4+ 20. Qxd4 cxd4 21. Nb1 Bd7 $44) (14... Nh7 15. O-O g5 16. Rb1
f5 17. b4 f4 18. Bf2 b6 19. N3a2 a5 20. bxc5 bxc5 21. Nc3 Nf8 22. Nb5 Nfg6 23.
Nb3 h5 24. Nxa5 $1 Qxa5 25. Qxa5 Rxa5 26. Nxd6 Rf8 27. Bb5 $44 {Varga,
Z-Loginov,V/Budapest/1993/0-1/86/}) (14... h5 15. O-O Nh7 16. h3 (16. N1a2 f5
17. Rfe1 $6 Bd7 18. exf5 Bxf5 $15 {Brunner,L-Xie,J/Shanghai/1995/0,5/40/})
16... f5 17. N1a2 Bd7 18. Kh1 Qe7 $6 19. Rae1 $14 {Yusupov,A-Heissler,J/GER/
1992/1-0/49/}) 15. O-O Rb8 16. N1a2 Bd7 17. Rab1 (17. h3 b5 18. axb5 axb5 19.
b4 c4 20. f4 $6 Nd3 21. Bxd3 (21. Bf3 $142) 21... cxd3 22. Qxd3 Nxe4 23. Nxe4 (
23. Bd4 Bf5 $15) 23... Bf5 (23... Bxa1 24. Nxd6 (24. Rxa1 Bf5 25. Nac3 Bxe4 26.
Nxe4 Qe7 27. Ba7 Ra8 $19) 24... Qf6 25. Nxe8 Rxe8 $44) 24. Nac3 Bxc3 25. Qxc3
Rxe4 $15) 17... b5 18. axb5 axb5 19. b4 c4 20. Bd4 (20. h3 g5) 20... Ra8 21.
Nc1 g5 22. Bd1 Nh5 23. Bc2 (23. N1e2 Nd3) 23... Nf4 24. Kh1 (24. g3 Nh3+ {/\g4/
}) 24... Nfg6 25. N1e2 Kg8 (25... Qc7 $142) 26. Bg1 (26. Be3 $5 $14) 26... Ra3
27. Nd4 Qb8 28. Ra1 Rxa1 29. Rxa1 Nf4 30. Ra5 Bf6 31. Nf5 (31. Ndxb5 Bd8) 31...
Bd8 32. Ba7 (32. Ra2 $142) 32... Qa8 33. Ra2 (33. Bb6 Bxb6 34. Rxa8 Rxa8 35.
Ne3 (35. Nxd6 Ra1+ 36. Nb1 Ned3 37. h3 Bd4 $19) 35... Ra1+ 36. Ned1 f6 $17)
33... Bxf5 34. exf5 Ned3 35. Bg1 Qc8 36. Ne4 (36. g3 Nh3 37. Bxd3 cxd3 38. Ne4
Qxf5 39. Qxd3 g4 $17) 36... Be7 37. f6 (37. g3 Nxd5 38. Bxd3 cxd3 39. Qxd3 $2
Nxb4) 37... Bf8 38. Ra5 Nxd5 39. Rxb5 (39. Bxd3 cxd3 40. Qxd3 Nxb4 41. Qxb5 d5
$36) (39. Nxg5 Nxf6) 39... N5f4 (39... Qc6 40. Ra5 N5xb4 41. Ba4 Qc7 42. Ra7)
40. g3 (40. Nxg5 c3 $1 $19) 40... Rxe4 41. fxe4 Qc6 42. gxf4 Qxb5 43. fxg5
1/2-1/2

[Event "Hastings op 9495"]
[Site "Hastings"]
[Date "1995.??.??"]
[Round "2"]
[White "Wallace, John Paul"]
[Black "Hebden, Mark"]
[Result "1-0"]
[WhiteElo "2345"]
[BlackElo "2550"]
[Annotator "Pein,M"]
[PlyCount "79"]
[EventDate "1994.12.??"]
[EventType "swiss"]
[EventRounds "9"]
[EventCountry "ENG"]
[SourceTitle "CBM 045"]
[Source "ChessBase"]
[SourceDate "1995.04.01"]
[SourceVersion "1"]
[SourceVersionDate "1995.04.01"]
[SourceQuality "1"]

1. d4 Nf6 2. c4 g6 3. Nc3 Bg7 4. e4 d6 5. f3 O-O 6. Be3 c5 7. d5 {White takes
the game into a Benoni , 7.dxc5 dxc5 8.Qxd8 Rxd8 9.Bxc5 Nc6 has be shown to be
fine for Black with his dark squared control after moves like ..Nd7 and ..Nd4}
a6 8. a4 e6 9. Qd2 exd5 10. cxd5 Re8 11. Nge2 Nbd7 {Only now, Black does not
want to allow Nh3-f2 when the knight is well placed to support the e4 pawn and
thus allow f4.} 12. Ng3 h5 13. Be2 h4 14. Nf1 h3 $2 {The source of Black's
later problems. The pawn is weak, the Nf1 hops back into the game and White's
kingside pawns are released.} 15. g4 Ne5 16. Ng3 Bd7 17. O-O $1 {White
surmises that his kingside play will outweight Black's queenside majority and
rejects the 'normal' move 17.a5 when Black goes b5 andaxb6 gives him play down
the b file} b5 18. g5 Nh7 19. f4 b4 (19... Nc4 20. Bxc4 bxc4 21. f5 (21. e5
dxe5 22. f5)) 20. Nd1 Ng4 21. Kh1 Nxe3 22. Nxe3 {When a white knight gets to
c4 unchallenged in the Benoni the resulting pressure on d6 & e5 is laways
unpleasant for Black. White was just going to play Nc4 and then build for e5/
f5 but maybe 22..a5 23.Nc4 Bc8 and ..Ba6} Nxg5 {Did Hebden underestimate his
young opponent or was he desperate ?} 23. fxg5 Qxg5 24. Bc4 Bd4 25. Rae1 Bxa4
26. Qf2 Ra7 27. b3 Bb5 28. Qf3 {Although material is level, three pawns are
usually equivalent to a piece White has a big attack and the Black pawns are
blockaded.} Bxe3 29. Rxe3 Bxc4 30. bxc4 Re5 (30... Ree7 31. Nf5) 31. Qf2 a5 32.
Rf3 Ree7 33. Rg1 {White has a winning attack} Red7 34. Nf5 {[#]} Qh5 35. Rf4
Qh8 36. Rxg6+ Kf8 37. Rh6 Qa1+ 38. Qg1 Qxg1+ 39. Kxg1 f6 40. Rh8+ 1-0